000 01145nam a2200277 4500
005 20240530110550.0
008 160702s2014 ua a g |||| 00| 0 ara d
017 _a2013/15892
_bمصر. دار الكتب المصرية
020 _a9789771029014
040 _aEG-CaGPL
041 1 _aara
_hund
082 0 4 _a152.4/
_bج هـ
_221
100 0 _aجيرالد ج. جامبولسكى
245 1 0 _aهندسة الجودة النفسية :
_bسكة الارادة .. الحب يعنى التحرر من الخوف /
_cتأليف جيرالد ج. جامبولسكى ؛ ترجمة هشام محمد سلامة، حمدى احمد عبدالعزيز.
250 _aط. 1.
260 _aالقاهرة :
_bدار الفكر العربى،
_c2014.
300 _a91 ص. :
_bرسومات ؛
_c24 سم.
546 _aالنص مترجم بالعربية.
650 0 4 _aالحب
650 0 4 _aالسعادة
650 0 4 _aالدوافع النفسية
700 0 _aهشام محمد سلامة
_eمترجم.
700 0 _aحمدى احمد عبدالعزيز
_eمترجم.
942 _2ddc
_cBK
999 _c62443
_d62443